Culture Générale - Série 713 - Statistiques

Statistiques générales
  • Ce quiz a été pris 212 fois
  • Le résultat moyen est 7 sur 10
Statistiques - réponses
Question Réponse % Correct
Quel acronyme désigne : l'Organisation du traité de l'Atlantique Nord ? OTAN
97%
Selon l'expression, quel accessoire de mode se fait-on "remonter", lors d'une réprimande ? bretelles
95%
Dans quel pays d'Afrique, Hassan II a-t-il régné, de 1961 à 1999 ? Maroc
90%
Quelle ville des Pays-Bas est le premier port mondial pour le trafic des marchandises ? Rotterdam
86%
Complétez le titre du roman de Madame de La Fayette "La princesse de ... Clèves
73%
Quelle série américaine les Inconnus ont-ils parodiée dans leur sketch "Ça te barbera ?" Santa Barbara
68%
En 1901, quel écrivain britannique, prénommé Rudyard, publie “Kim” ? Rudyard Kipling
64%
Quel architecte a construit le Labyrinthe dans lequel fut enfermé le Minotaure ? Dédale
57%
À quel dessinateur de BD doit-on "Le Guide du zizi sexuel” ? Zep
57%
Quelle ville d'Égypte a donné son nom à la bataille du 25 juillet 1799, au cours de laquelle Bonaparte a rejeté l'armée turque à la mer ? Aboukir
12%
Aucun quiz correspondant
Distribution des résultats
% des personnes avec chaque résultat
Percentile par nombre de réponses
Votre historique - résultats
Vous n’avez pas pris ce quiz